The law peports 2009 /

Saved in:
Bibliographic Details
Format: Book
Language:English
Tags: Add Tag
No Tags, Be the first to tag this record!

MARC

LEADER 00000nam a22000007a 4500
003 LK-ApPL
005 20260406151230.0
008 260406b |||||||| |||| 00| 0 eng d
040 |a LK-ApPL  |b eng  |d LK-ApPL 
041 |a eng 
082 |2 23  |a 340 
245 |a The law peports 2009 /  
300 |a 208 P :  |c 21 CM. 
942 |c REF 
999 |c 24328  |d 24328